Ween: A complete discography - Statistics

General Stats
  • This quiz has been taken 111 times
    108 since last reset
  • The average score is 15 of 33
Answer Stats
Year, Classification Album % Correct
1997, Studio The Mollusk
96%
1994, Studio Chocolate and Cheese
95%
1990, Studio GodWeenSatan: The Oneness
93%
1992, Studio Pure Guava
93%
2003, Studio Quebec
90%
1991, Studio The Pod
90%
2000, Studio White Pepper
90%
1996, Studio 12 Golden Country Greats
84%
2007, Studio La Cucaracha
84%
2005, Compilation Shinola, vol. 1
63%
1999, Live Paintin' the town brown: Ween live 1990-1998
55%
2007, EP The friends EP CD and limited edition picture disc 12"
49%
2004, Live Live in Chicago
48%
2003, Live All request live
44%
2002, Live Live at Stubbs 7/2000
42%
2016, Live GodWeenSatan live
40%
1986, Demo The Crucial Squeegie Lip
40%
1999, Compilation Craters of the Sac
38%
1987, Demo Axis: Bold as Boognish
36%
2001, Live Live in Toronto Canada
32%
1987, Demo Erica Peterson's Flaming Crib Death
29%
1989, Demo Prime 5
27%
2008, Live At the cat's cradle, 1992
26%
1994, EP Freedom of 76' EP
26%
1988, Demo The Live Brain Wedgie/WAD
26%
1994, EP Voodoo lady EP
25%
1992, EP Sky cruiser EP
22%
1996, EP Piss up a rope EP
21%
1994, EP I can't put my finger on it EP
14%
1985, Demo Mrs. Slack
12%
1989, Demo The Focus Tape
5%
2000, EP Stay forever promo EP
4%
2000, EP Stay forever red vinyl EP
4%
No matching quizzes found
Score Distribution
Percent of People with Each Score
Percentile by Number Answered
Your Score History
You have not taken this quiz since the last reset